Water Quality Hazards and Dispersion of Pollutants /

Enregistré dans:
Détails bibliographiques
Auteurs principaux: Czernuszenko, Wlodzimierz (Auteur), Rowinski, Pawel (Auteur)
Format: Livre
Langue:anglais
Publié: New York: Springer, 2005
Sujets:
Tags: Ajouter un tag
Pas de tags, Soyez le premier à ajouter un tag!

MARC

LEADER 00000nam a22000003a 4500
001 0010263
003 SK-STU
005 20151215083818.1
007 ta
008 151215s ----xo-----e------000-0-----d
020 |a 978-0-387-23321-5 
040 |a STU  |b slo 
041 0 |a eng  |h eng 
044 |a xxu 
100 1 |a Czernuszenko, Wlodzimierz  |r Z6  |4 aut 
245 1 0 |a Water Quality Hazards and Dispersion of Pollutants /  |c aut. Wlodzimierz Czernuszenko, Pawel Rowinski 
260 |a New York:  |b Springer,  |c 2005 
300 |a 250 s. 
650 0 7 |a kvalita vody 
650 0 7 |a rieky 
650 0 7 |a fyzikálne procesy 
650 0 7 |a matematické modelovanie 
650 0 7 |a matematické metódy vo fyzike 
700 1 |a Rowinski, Pawel  |r Z6  |4 aut 
996 |c V* 52288/O-23445  |l VV17  |s P  |a 0  |w 0010263_0001